The role of mixed emotions in the risk perception of novice and serial entrepreneurs / (Record no. 15813)
[ view plain ]
| 000 -LEADER | |
|---|---|
| fixed length control field | 00905nam a2200205 4500 |
| 005 - DATE AND TIME OF LATEST TRANSACTION | |
| control field | 20260321111536.0 |
| 008 - FIXED-LENGTH DATA ELEMENTS--GENERAL INFORMATION | |
| fixed length control field | 201211b ||||| |||| 00| 0 eng d |
| 022 ## - INTERNATIONAL STANDARD SERIAL NUMBER | |
| International Standard Serial Number | 10422587 |
| 082 ## - DEWEY DECIMAL CLASSIFICATION NUMBER | |
| Classification number | DPer 658.405 En86 2012 January-May 2012 v. 36 n. 1-3 |
| 100 ## - MAIN ENTRY--PERSONAL NAME | |
| Personal name | Podoynitsyna, Ksenia. |
| 9 (RLIN) | 42649 |
| 245 ## - TITLE STATEMENT | |
| Title | The role of mixed emotions in the risk perception of novice and serial entrepreneurs / |
| Statement of responsibility, etc. | Ksenia Podoynitsyna, Hans Van der Bij and Michael Song. |
| 260 ## - PUBLICATION, DISTRIBUTION, ETC. (IMPRINT) | |
| Place of publication, distribution, etc. | Hoboken : |
| Name of publisher, distributor, etc. | Wiley Subscription Services, Inc. , |
| Date of publication, distribution, etc. | January 2012. |
| 300 ## - PHYSICAL DESCRIPTION | |
| Extent | Volume 36 pages 115-140 : |
| Other physical details | illustrations ; |
| Dimensions | 25 cm. |
| 500 ## - GENERAL NOTE | |
| General note | Entrepreneurship Theory and Practice, vol. 36, no. 1, pages 115-140, January 2012. |
| 650 ## - SUBJECT ADDED ENTRY--TOPICAL TERM | |
| Topical term or geographic name as entry element | Entrepreneurs |
| General subdivision | Emotions. |
| 9 (RLIN) | 42645 |
| 700 ## - ADDED ENTRY--PERSONAL NAME | |
| Personal name | Podoynitsyna, Ksenia. |
| Relator term | author. |
| 9 (RLIN) | 70035 |
| 700 ## - ADDED ENTRY--PERSONAL NAME | |
| Personal name | Van der Bij, Hans. |
| Relator term | author. |
| 9 (RLIN) | 70036 |
| 700 ## - ADDED ENTRY--PERSONAL NAME | |
| Personal name | Song, Michael. |
| Relator term | author. |
| 9 (RLIN) | 70037 |
| 942 ## - ADDED ENTRY ELEMENTS (KOHA) | |
| Source of classification or shelving scheme | Dewey Decimal Classification |
| Koha item type | Periodicals |
| Withdrawn status | Lost status | Source of classification or shelving scheme | Damaged status | Not for loan | Collection code | Home library | Current library | Date acquired | Total Checkouts | Full call number | Date last seen | Price effective from | Koha item type | Public note |
|---|---|---|---|---|---|---|---|---|---|---|---|---|---|---|
| Dewey Decimal Classification | Periodicals | UM Digos College - LIC | UM Digos College - LIC | 12/14/2020 | DPer 658.405 En86 2012 January-May 2012 v. 36 n. 1-3 | 12/14/2020 | 12/14/2020 | Periodicals | Periodical Article |
